U.S. Colleges with the Lowest Acceptance Rates - Statistics

General Stats
  • This quiz has been taken 1,187 times
  • The average score is 16 of 25
Answer Stats
Rate Location Name % Correct
3% Cambridge, MA Harvard University
99%
5% New Haven, CT Yale University
95%
4% Stanford, CA Stanford University
94%
6% Princeton, NJ Princeton University
92%
4% Cambridge, MA Massachusetts Institute of Technology
89%
5% Providence, RI Brown University
88%
9% Los Angeles, CA University of California, Los Angeles
85%
7% Philadelphia, PA University of Pennsylvania
84%
4% New York, NY Columbia University
82%
6% Durham, NC Duke University
79%
5% Chicago, IL University of Chicago
77%
7% Ithaca, NY Cornell University
74%
6% Hanover, NH Dartmouth College
72%
7% Evanston, IL Northwestern University
68%
3% Pasadena, CA California Institute of Technology
65%
7% Nashville, TN Vanderbilt University
64%
7% Baltimore, MD Johns Hopkins University
56%
9% Houston, TX Rice University
56%
7% Amherst, MA Amherst College
46%
7% Swarthmore, PA Swarthmore College
40%
8% Williamstown, MA Williams College
30%
9% Brunswick, ME Bowdoin College
24%
7% Claremont, CA Pomona College
21%
8% Waterville, ME Colby College
18%
9% New York, NY Barnard College
11%
No matching quizzes found
Score Distribution
Percent of People with Each Score
Percentile by Number Answered
Your Score History
You have not taken this quiz